000
00463nam a2200133Ia 4500
008
100328s9999 xx 000 0 und d
082
_b
59662
100
_a
हिर्लेकर गणेश.
245
_a
देव्हारा असे दानवाचा.
260
_b
साईमा.
630
_a
देव्हारा असे दानवाचा.
730
_a
देव्हारा असे दानवाचा.
942
_c
BOOK
999
_c
545867
_d
545864